Derecho penal : parte general /
Guardado en:
| Autor Principal: | |
|---|---|
| Otros Autores: | , |
| Formato: | Libro |
| Idioma: | Spanish |
| Publicado: |
Buenos Aires :
Ediar,
2003
|
| Edición: | 2a. ed. |
| Materias: | |
| Etiquetas: |
Agregar Etiqueta
Sin Etiquetas, Sea el primero en etiquetar este registro!
|
| LEADER | 00678nam a22002055a 4500 | ||
|---|---|---|---|
| 001 | DER.der015242 | ||
| 008 | 250704s2003####ag#||||||||||||||#||spa|| | ||
| 005 | 20250806171807.0 | ||
| 245 | 1 | 0 | |a Derecho penal : |b parte general / |c Eugenio Raúl Zaffaroni, Alejandro Slokar, Alejandro Alagia. |
| 250 | |a 2a. ed. | ||
| 260 | |a Buenos Aires : |b Ediar, |c 2003 | ||
| 300 | |a 1083 p. | ||
| 020 | |a 9505741553 | ||
| 100 | 1 | |a Zaffaroni, Eugenio Raúl | |
| 700 | 1 | |a Slokar, Alejandro | |
| 700 | 1 | |a Alagia, Alejandro | |
| 650 | 7 | |a DERECHO PENAL | |
| 859 | |a DERECHO |b BIB. DERECHO |h 345 |i ZAF |p 001063 | ||
| 859 | |a DERECHO |b BIB. DERECHO |h 345 |i ZAF |p 001064 |t 1 | ||
| 859 | |a DERECHO |b BIB. DERECHO |h 345 |i ZAF |p 001065 |t 2 | ||
